000 00805nam a2200217 a 4500
001 BRL_1490
005 20190320211231.0
008 270114s1974----mx-ao####c---#000-0#spa-#
041 _aspa
044 _amx
050 4 _aF1219.3.M4
_b.M87 1974
110 2 _aMuseo Nacional de Antropología (Mexico)
_925393
245 1 0 _aMáscaras mexicanas de la colección del Ing. Víctor José Moya
_cexposición realizada por el Museo Nacional de Antropología.
260 _aMéxico
_bDirección de Museos del Instituto Nacional de Antropología e Historia ; SEP
_c1974
300 _a108 p.
_bil., fotografías
_c21 cm.
500 _aAu1743
600 1 4 _aMoya, José Victor
_vExposiciones
_xColección etnográfica
_927079
650 1 4 _aMáscaras
_vExposiciones
_zMéxico
_923518
902 _aGRL
942 _2lcc
_cB
999 _c10300
_d10300